Vista normal Vista MARC

Entrada Materia (personas)

Número de registros utilizados en: 1

001 - CONTROL NUMBER

  • control field: 42539

003 - CONTROL NUMBER IDENTIFIER

  • control field: Co-BoUCM

005 - DATE AND TIME OF LATEST TRANSACTION

  • control field: 20130813113643.0

008 - FIXED-LENGTH DATA ELEMENTS

  • fixed length control field: 130813|| aca||aabn | a|a d

040 ## - CATALOGING SOURCE

  • Original cataloging agency: Co-BoUCM
  • Transcribing agency: Co-BoUCM

100 ## - HEADING--PERSONAL NAME

  • Personal name: Cárdenas Ortiz, Alexandra

670 ## - SOURCE DATA FOUND

  • Source citation: Work cat.: (Co-BoUCM)53283: Cárdenas Ortiz, Alexandra, El derecho de los animales, 2007